NEET Physics 2005-2020: (Record no. 184409)

MARC details
000 -LEADER
fixed length control field 00543nam a22001817a 4500
005 - DATE AND TIME OF LATEST TRANSACTION
control field 20220120102245.0
010 ## - LCCN (DPL NO)
LC control number ENG-131255
020 ## - INTERNATIONAL STANDARD BOOK NUMBER
International Standard Book Number 978-93-5322-575-9
Terms of availability 285.00
035 ## - SYSTEM CONTROL NUMBER
System control number EN-114787
037 ## - SOURCE OF ACQUISITION
Source of stock number/acquisition DBAD
082 ## - DEWEY DECIMAL CLASSIFICATION NUMBER
Classification number 530
100 ## - MAIN ENTRY--PERSONAL NAME
Personal name Jain, Subhash
245 ## - TITLE STATEMENT
Title NEET Physics 2005-2020:
Remainder of title Chapter-wise & Topic-Wise Solved Papers/
Statement of responsibility, etc Subhash Jain
260 ## - PUBLICATION, DISTRIBUTION, ETC. (IMPRINT)
Place of publication, distribution, etc New Delhi
Name of publisher, distributor, etc Prabhat Paperbacks
Date of publication, distribution, etc 2020
270 ## - ADDRESS
City New Delhi
Address 4/19, Asaf Ali Road
Postal code 110002
300 ## - PHYSICAL DESCRIPTION
Extent 308p.
Dimensions 27cm(pbk)
942 ## - ADDED ENTRY ELEMENTS (KOHA)
Source of classification or shelving scheme Dewey Decimal Classification
Item type English Books
Classification part 530
Call number suffix JAI
Holdings
Withdrawn status Lost status Not for loan Collection code Home library Current library Date acquired Source of acquisition Cost, normal purchase price Full call number Barcode Copy number Cost, replacement price Koha item type
      Non-fiction Patel Nagar Patel Nagar 20/01/2022 DBAD/PUB 285.00 530 JAI EN-114787 1 285.00 English Books

© Delhi Public Library
Hit Counter
free hit counter